[Event "16. Open de Figueres Miquel Mas 2015"]
[Site "Figueres ESP"]
[Date "2015.08.17"]
[Round "8.2"]
[White "Huerga Leache, Mikel"]
[Black "Aroshidze, Levan"]
[Result "0-1"]
[WhiteElo "2436"]
[BlackElo "2535"]
[PlyCount "128"]
[EventDate "2015.08.11"]
[EventType "swiss"]
[EventRounds "9"]
[EventCountry "ESP"]
[Source "lmi"]
[SourceDate "2015.08.11"]

1. e4 c5 2. Nf3 e6 3. c3 Nf6 4. e5 Nd5 5. d4 cxd4 6. cxd4 d6 7. Bc4 Be7 8. O-O
O-O 9. Bd2 dxe5 10. dxe5 b6 11. Qe2 Bb7 12. Nc3 Nxc3 13. Bxc3 Nd7 14. Rfd1 Qc7
15. Rac1 Rac8 16. Bd3 Rfd8 17. Bc2 Qb8 18. Qe3 h6 19. h3 Nf8 20. Nd2 Ng6 21.
Bxg6 fxg6 22. Ne4 Rxd1+ 23. Rxd1 Rd8 24. Re1 Kh7 25. Qg3 Bd5 26. a3 Qc7 27. Kh2
Rf8 28. f3 Bxe4 29. Rxe4 Bxa3 30. Qg4 Bc5 31. Qxe6 Qf7 32. Qxf7 Rxf7 33. b4 Bf8
34. Rc4 g5 35. Kg3 h5 36. Kf2 Rb7 37. Rc8 Be7 38. Ke3 Kg6 39. Ke4 Kf7 40. Rc6
a5 41. bxa5 bxa5 42. Bxa5 Rb2 43. Kf5 Rb5 44. Bc3 h4 45. Ke4 Rb7 46. Bd4 Rb1
47. Kd5 Rb5+ 48. Bc5 Bxc5 49. Rxc5 Rb2 50. Rc7+ Kg6 51. Rc6+ Kf5 52. e6 Rd2+
53. Kc4 Rc2+ 54. Kd5 Rxc6 55. Kxc6 Kxe6 56. Kc7 Ke5 57. Kd7 Kf4 58. Ke6 Kg3 59.
Kf5 Kxg2 60. Kg4 Kh2 61. Kxg5 Kxh3 62. f4 Kg3 63. f5 h3 64. Kg6 Kg4 0-1

[Event "16. Open de Figueres Miquel Mas 2015"]
[Site "Figueres ESP"]
[Date "2015.08.17"]
[Round "8.4"]
[White "Di Nicolantonio, Lucas"]
[Black "Pulvett Marin, Daniel"]
[Result "0-1"]
[WhiteElo "2414"]
[BlackElo "2434"]
[PlyCount "48"]
[EventDate "2015.08.11"]
[EventType "swiss"]
[EventRounds "9"]
[EventCountry "ESP"]
[Source "lmi"]
[SourceDate "2015.08.11"]

1. d4 Nf6 2. Nf3 e6 3. c4 b6 4. g3 Ba6 5. Qa4 Bb7 6. Bg2 c5 7. dxc5 bxc5 8. O-O
Be7 9. Nc3 O-O 10. Rd1 Qb6 11. Bf4 Rd8 12. Rd2 Nc6 13. Rad1 Na5 14. Nb5 Bc6 15.
Ne5 Bxg2 16. Nxd7 Rxd7 17. Rxd7 Nxd7 18. Rxd7 Bc6 19. Rxe7 a6 20. Bc7 axb5 21.
Qa3 Qa6 22. Qxc5 Nxc4 23. b3 Qa3 24. Qxc6 Qc1+ 0-1

[Event "16. Open de Figueres Miquel Mas 2015"]
[Site "Figueres ESP"]
[Date "2015.08.17"]
[Round "8.5"]
[White "Sabria Batlle, Pol"]
[Black "Mellado Trivino, Juan"]
[Result "1/2-1/2"]
[WhiteElo "2251"]
[BlackElo "2442"]
[PlyCount "113"]
[EventDate "2015.08.11"]
[EventType "swiss"]
[EventRounds "9"]
[EventCountry "ESP"]
[Source "lmi"]
[SourceDate "2015.08.11"]

1. e4 d5 2. exd5 Qxd5 3. Nc3 Qd6 4. d4 Nf6 5. Nf3 a6 6. Ne5 Nc6 7. Nxc6 Qxc6 8.
d5 Qd6 9. Be2 Bf5 10. O-O O-O-O 11. Bf3 e6 12. dxe6 Qxd1 13. Rxd1 Rxd1+ 14.
Nxd1 Bxe6 15. a3 Bd6 16. Bg5 Be5 17. Ne3 h6 18. Bxf6 Bxf6 19. c3 Rd8 20. Rd1
Rxd1+ 21. Bxd1 Bg5 22. g3 Bxe3 23. fxe3 Kd7 24. Kf2 Kd6 25. e4 Ke5 26. Ke3 c5
27. Kf3 Ba2 28. Bc2 Bc4 29. Ke3 f6 30. Kf2 Bg8 31. Kf3 Bh7 32. Ke3 Bg6 33. Bd3
Bf7 34. Bc2 c4 35. Bd1 Be8 36. Be2 b5 37. Bd1 Bg6 38. Bf3 Bh7 39. Bg2 g5 40.
Bf3 Bg6 41. g4 Be8 42. Bd1 Bd7 43. Bf3 Bc6 44. Bg2 Be8 45. Bf3 Bg6 46. h3 Be8
47. Bd1 Bf7 48. Be2 Be8 49. Bd1 Bg6 50. Bf3 a5 51. Bg2 h5 52. Bf3 hxg4 53. hxg4
Be8 54. Be2 Bd7 55. Bf3 Bc6 56. Bg2 Bb7 57. Bf3 1/2-1/2

[Event "16. Open de Figueres Miquel Mas 2015"]
[Site "Figueres ESP"]
[Date "2015.08.17"]
[Round "8.6"]
[White "Stella, Andrea"]
[Black "Axpe Balenciaga, Inigo"]
[Result "1-0"]
[WhiteElo "2423"]
[BlackElo "2130"]
[PlyCount "50"]
[EventDate "2015.08.11"]
[EventType "swiss"]
[EventRounds "9"]
[EventCountry "ESP"]
[Source "lmi"]
[SourceDate "2015.08.11"]

1. Nf3 d6 2. d4 Bg4 3. Nbd2 g6 4. h3 Bxf3 5. Nxf3 Bg7 6. e4 c6 7. Bd3 Nd7 8.
O-O e5 9. dxe5 dxe5 10. Qe2 Ngf6 11. Rd1 Qc7 12. Be3 O-O 13. c3 Rfd8 14. a4 b6
15. Bc2 Ne8 16. b4 c5 17. Qc4 h6 18. Nh4 Nf8 19. Rxd8 Rxd8 20. bxc5 Rc8 21. Qb3
bxc5 22. Rb1 Qe7 23. Nf3 g5 24. Nh2 Ne6 25. Qb7 Rc7 1-0

[Event "16. Open de Figueres Miquel Mas 2015"]
[Site "Figueres ESP"]
[Date "2015.08.17"]
[Round "8.7"]
[White "Campos Moreno, Javier B"]
[Black "Maupin, Valerie"]
[Result "1-0"]
[WhiteElo "2422"]
[BlackElo "1982"]
[PlyCount "55"]
[EventDate "2015.08.11"]
[EventType "swiss"]
[EventRounds "9"]
[EventCountry "ESP"]
[Source "lmi"]
[SourceDate "2015.08.11"]

1. d4 d5 2. c4 e6 3. Nc3 Nf6 4. Bg5 Nbd7 5. e3 c6 6. Nf3 Qa5 7. cxd5 Nxd5 8.
Qd2 Nxc3 9. bxc3 b6 10. Bd3 Ba6 11. O-O Bxd3 12. Qxd3 h6 13. Bh4 Ba3 14. c4 O-O
15. Rfd1 Rfe8 16. Bg3 Rad8 17. Qb3 Qa6 18. h3 Rc8 19. e4 e5 20. Nxe5 Nxe5 21.
dxe5 b5 22. cxb5 cxb5 23. Rd2 Be7 24. Rad1 b4 25. e6 fxe6 26. Be5 Qc4 27. Rd7
Qxb3 28. axb3 1-0

[Event "16. Open de Figueres Miquel Mas 2015"]
[Site "Figueres ESP"]
[Date "2015.08.17"]
[Round "8.8"]
[White "Fernandez, Maria Florencia"]
[Black "Menac Comas, Joan Ramon"]
[Result "1/2-1/2"]
[WhiteElo "2222"]
[BlackElo "2115"]
[PlyCount "170"]
[EventDate "2015.08.11"]
[EventType "swiss"]
[EventRounds "9"]
[EventCountry "ESP"]
[Source "lmi"]
[SourceDate "2015.08.11"]

1. d4 d5 2. c4 e6 3. Nc3 c6 4. e3 f5 5. Bd3 Nf6 6. f3 Be7 7. Nge2 O-O 8. Qc2
Na6 9. a3 dxc4 10. Bxc4 b5 11. Bb3 Kh8 12. O-O Qb6 13. Nf4 c5 14. Qf2 Nc7 15.
Kh1 g5 16. dxc5 Bxc5 17. Nd3 g4 18. Nxc5 Qxc5 19. e4 Qxf2 20. Rxf2 gxf3 21.
gxf3 Bb7 22. Bf4 fxe4 23. Bxc7 Ng4 24. Kg1 e3 25. Rg2 Bxf3 26. Bxe6 Bxg2 27.
Bxg4 h5 28. Bxh5 Bc6 29. Nd1 Bf3 30. Bxf3 Rxf3 31. Bg3 Rd8 32. Kg2 e2 33. Nc3
Rxc3 34. bxc3 Rd1 35. Ra2 e1=Q 36. Bxe1 Rxe1 37. a4 bxa4 38. Rxa4 Rc1 39. Ra3
a5 40. Kf3 Kg7 41. h3 Rh1 42. Kg4 Rg1+ 43. Kf4 Rh1 44. c4 Rc1 45. Ra4 Kf6 46.
Ke4 Rh1 47. Ra3 Ke6 48. Rg3 Kd6 49. Kd4 Rd1+ 50. Kc3 Rh1 51. Rg6+ Kc5 52. Rg5+
Kb6 53. Rh5 Rc1+ 54. Kb3 Rb1+ 55. Kc2 Rh1 56. h4 Rh3 57. Rb5+ Kc6 58. h5 a4 59.
Kb2 Kc7 60. Ka2 Kc6 61. Rg5 Kd6 62. Ra5 Kc6 63. Kb2 Kb6 64. Rb5+ Kc6 65. Kc2
Kc7 66. Kd2 Kc6 67. Kc2 Kc7 68. Kb2 Kc6 69. Ra5 Kb6 70. Rxa4 Rxh5 71. Kb3 Rh1
72. Rb4+ Kc6 73. Ra4 Rb1+ 74. Kc3 Rc1+ 75. Kd2 Rh1 76. Ra5 Rh3 77. Rd5 Rg3 78.
Rd3 Rxd3+ 79. Kxd3 Kc5 80. Kc3 Kc6 81. Kd4 Kd6 82. c5+ Kc6 83. Kc4 Kc7 84. Kb5
Kb7 85. c6+ Kc7 1/2-1/2

[Event "16. Open de Figueres Miquel Mas 2015"]
[Site "Figueres ESP"]
[Date "2015.08.17"]
[Round "8.9"]
[White "Colls Gelaberto, Emili"]
[Black "Serra Pages, Jordi"]
[Result "1/2-1/2"]
[WhiteElo "2106"]
[BlackElo "2235"]
[PlyCount "28"]
[EventDate "2015.08.11"]
[EventType "swiss"]
[EventRounds "9"]
[EventCountry "ESP"]
[Source "lmi"]
[SourceDate "2015.08.11"]

1. Nf3 d5 2. d4 Nf6 3. c4 e6 4. Bg5 Be7 5. e3 O-O 6. Nc3 c6 7. Bd3 Nbd7 8. O-O
h6 9. Bh4 b6 10. Rc1 Bb7 11. Qe2 dxc4 12. Bxc4 Nd5 13. Bg3 Nxc3 14. bxc3 c5
1/2-1/2

[Event "16. Open de Figueres Miquel Mas 2015"]
[Site "Figueres ESP"]
[Date "2015.08.17"]
[Round "8.10"]
[White "Gonzalez Rodriguez, Jorge A"]
[Black "Ventura Bolet, Maxim"]
[Result "1/2-1/2"]
[WhiteElo "2369"]
[BlackElo "2069"]
[PlyCount "97"]
[EventDate "2015.08.11"]
[EventType "swiss"]
[EventRounds "9"]
[EventCountry "ESP"]
[Source "lmi"]
[SourceDate "2015.08.11"]

1. b3 Nf6 2. Bb2 e6 3. e3 c5 4. Nf3 b6 5. g3 Bb7 6. Bg2 Be7 7. O-O O-O 8. c4 d6
9. d4 Nbd7 10. Nc3 a6 11. a4 cxd4 12. exd4 d5 13. Ne5 Bb4 14. Rc1 Rc8 15. Qe2
Rc7 16. f4 Qa8 17. Na2 Be7 18. a5 dxc4 19. axb6 Nxb6 20. bxc4 Bxg2 21. Qxg2
Qxg2+ 22. Kxg2 Rb8 23. Ba1 Ne4 24. c5 Nd5 25. Rfe1 f5 26. Nc3 Nexc3 27. Bxc3
Bf6 28. Ba5 Bxe5 29. fxe5 Rb2+ 30. Kg1 Rc6 31. Rb1 Ra2 32. Ra1 Rxa1 33. Rxa1
Kf7 34. Rb1 g5 35. Rb8 Kg6 36. Kf2 g4 37. Rd8 f4 38. gxf4 Kf5 39. Kg3 h5 40.
Rd6 Rc8 41. c6 h4+ 42. Kxh4 Rh8+ 43. Kg3 Rh3+ 44. Kg2 Nxf4+ 45. Kg1 Rf3 46. Rd8
Nh3+ 47. Kg2 Nf4+ 48. Kg1 Nh3+ 49. Kg2 1/2-1/2

[Event "16. Open de Figueres Miquel Mas 2015"]
[Site "Figueres ESP"]
[Date "2015.08.18"]
[Round "9.6"]
[White "Sabria Batlle, Pol"]
[Black "Huerga Leache, Mikel"]
[Result "1-0"]
[WhiteElo "2251"]
[BlackElo "2436"]
[PlyCount "69"]
[EventDate "2015.08.11"]
[EventType "swiss"]
[EventRounds "9"]
[EventCountry "ESP"]
[Source "lmi"]
[SourceDate "2015.08.11"]

1. e4 c5 2. Nf3 Nc6 3. d4 cxd4 4. Nxd4 g6 5. c4 Bg7 6. Nc2 Nf6 7. Nc3 d6 8. Be2
Nd7 9. Bd2 Nc5 10. O-O O-O 11. b4 Bxc3 12. Bxc3 Nxe4 13. Bb2 Be6 14. b5 Ne5 15.
Qd4 Nf6 16. f4 Neg4 17. h3 Nh6 18. g4 Qc8 19. g5 Bxc4 20. Qxc4 Qxh3 21. Qd3 Qh4
22. gxf6 Ng4 23. Bxg4 Qxg4+ 24. Kh2 Rfc8 25. Ne3 Qh4+ 26. Kg2 e5 27. Rf2 exf4
28. Nd5 Rc5 29. Rd1 Re8 30. Ne7+ Kf8 31. Qf3 Rg5+ 32. Kf1 Rg3 33. Qxf4 Rg4 34.
Qh2 Qg5 35. Rd5 1-0

[Event "16. Open de Figueres Miquel Mas 2015"]
[Site "Figueres ESP"]
[Date "2015.08.18"]
[Round "9.7"]
[White "Maupin, Valerie"]
[Black "Fernandez, Maria Florencia"]
[Result "1/2-1/2"]
[WhiteElo "1982"]
[BlackElo "2222"]
[PlyCount "128"]
[EventDate "2015.08.11"]
[EventType "swiss"]
[EventRounds "9"]
[EventCountry "ESP"]
[Source "lmi"]
[SourceDate "2015.08.11"]

1. d4 Nf6 2. c4 g6 3. Nc3 Bg7 4. Nf3 O-O 5. g3 d6 6. Bg2 Nc6 7. h3 Bf5 8. g4
Bd7 9. O-O e5 10. dxe5 dxe5 11. Bg5 Be6 12. Qa4 h6 13. Be3 Nd7 14. Rad1 f5 15.
gxf5 gxf5 16. b4 e4 17. Nd4 Nxd4 18. Bxd4 Bxd4 19. Rxd4 Qf6 20. Rfd1 Nb6 21.
Qc2 Nxc4 22. Nd5 Bxd5 23. Rxd5 Nb6 24. Rc5 c6 25. a4 Kh8 26. b5 Rg8 27. Kh1 Nd5
28. bxc6 Qg7 29. Rg1 bxc6 30. Qc1 Rac8 31. e3 Qf6 32. Ra5 Qg7 33. Qc5 Rc7 34.
Qd6 Rb7 35. Rc5 Rb1 36. Qh2 Rxg1+ 37. Qxg1 f4 38. exf4 Nxf4 39. Rxc6 Nxg2 40.
Re6 Ne1 41. Qxg7+ Rxg7 42. Rxh6+ Rh7 43. Re6 Rxh3+ 44. Kg1 Nf3+ 45. Kg2 Rh7 46.
Rxe4 Nd2 47. Re8+ Kg7 48. Rd8 Nc4 49. Kg3 Kf6 50. f4 Rb7 51. Rh8 a5 52. Rh6+
Kg7 53. Rc6 Rb4 54. Rc7+ Kf6 55. Rc6+ Ke7 56. Rc5 Rxa4 57. Kg4 Rb4 58. Kg5 a4
59. f5 Nd6 60. Rc7+ Kd8 61. Ra7 Ne4+ 62. Kg6 Kc8 63. f6 Nd6 64. Kg7 Rf4 1/2-1/2

[Event "16. Open de Figueres Miquel Mas 2015"]
[Site "Figueres ESP"]
[Date "2015.08.18"]
[Round "9.8"]
[White "Juan Bartroli, Pau"]
[Black "Menac Comas, Joan Ramon"]
[Result "1-0"]
[WhiteElo "2195"]
[BlackElo "2115"]
[PlyCount "61"]
[EventDate "2015.08.11"]
[EventType "swiss"]
[EventRounds "9"]
[EventCountry "ESP"]
[Source "lmi"]
[SourceDate "2015.08.11"]

1. d4 Nf6 2. c4 c5 3. d5 a6 4. a4 e5 5. Nc3 d6 6. e4 Be7 7. Bd3 Nbd7 8. Nf3 O-O
9. h3 Rb8 10. Be3 Ne8 11. Qd2 Nc7 12. O-O Re8 13. a5 b5 14. cxb5 axb5 15. b4
cxb4 16. Na2 b3 17. Nb4 Bb7 18. a6 Ba8 19. Qb2 Nc5 20. Nd2 Bf6 21. Rfc1 Nxd5
22. Bxc5 dxc5 23. Nxd5 Bxd5 24. Rxc5 Be6 25. a7 Ra8 26. Bxb5 Qb6 27. Nxb3 Bxb3
28. Bxe8 Qxc5 29. Qxb3 Rxa7 30. Bxf7+ Kf8 31. Qb8+ 1-0

[Event "16. Open de Figueres Miquel Mas 2015"]
[Site "Figueres ESP"]
[Date "2015.08.18"]
[Round "9.9"]
[White "Axpe Balenciaga, Inigo"]
[Black "Soto Diaz, Jose Antonio"]
[Result "1/2-1/2"]
[WhiteElo "2130"]
[BlackElo "2086"]
[PlyCount "107"]
[EventDate "2015.08.11"]
[EventType "swiss"]
[EventRounds "9"]
[EventCountry "ESP"]
[Source "lmi"]
[SourceDate "2015.08.11"]

1. d4 d5 2. Nf3 e6 3. Bf4 f5 4. e3 Nf6 5. c4 Bb4+ 6. Nbd2 O-O 7. a3 Bd6 8. Bxd6
cxd6 9. cxd5 Nxd5 10. Bc4 Nf6 11. O-O Nc6 12. b4 a6 13. Nb3 b5 14. Bd3 Bb7 15.
Rc1 Rc8 16. Qe2 Qb6 17. Rc2 Ne7 18. Rfc1 Rxc2 19. Rxc2 Bd5 20. Na5 Nc6 21. Nxc6
Bxc6 22. Qd1 Qb7 23. Be2 Be4 24. Rc1 Rc8 25. Ne1 Nd5 26. Qd2 Nb6 27. Rc3 Bd5
28. Qc1 Bc4 29. Bf3 Qc7 30. Nd3 Na4 31. Rc2 Re8 32. Nf4 Qd7 33. Be2 Nb6 34. Nd3
Rc8 35. Bf1 Qb7 36. f3 Qe7 37. g3 Qb7 38. Kf2 Bd5 39. Rxc8+ Nxc8 40. Nf4 Nb6
41. Nxd5 Nxd5 42. Bd3 Nf6 43. Qc2 g6 44. Qb3 d5 45. a4 Ne8 46. axb5 axb5 47.
Qc3 Qc7 48. Qc5 Qxc5 49. bxc5 Nc7 50. Ke2 Kf7 51. Kd2 Ke7 52. Kc3 Kd7 53. Kb4
Kc6 54. f4 1/2-1/2

[Event "16. Open de Figueres Miquel Mas 2015"]
[Site "Figueres ESP"]
[Date "2015.08.18"]
[Round "9.10"]
[White "Izagirre Alsua, Aritz"]
[Black "Gonzalez Rodriguez, Jorge A"]
[Result "0-1"]
[WhiteElo "1877"]
[BlackElo "2369"]
[PlyCount "78"]
[EventDate "2015.08.11"]
[EventType "swiss"]
[EventRounds "9"]
[EventCountry "ESP"]
[Source "lmi"]
[SourceDate "2015.08.11"]

1. e4 e6 2. d3 d5 3. Nd2 Nf6 4. Ngf3 c5 5. g3 b5 6. Bg2 Bb7 7. e5 Nfd7 8. O-O
Nc6 9. Re1 Be7 10. h4 a5 11. Nf1 Nb6 12. Ng5 h6 13. Nf3 b4 14. N1h2 Ba6 15. Ng4
a4 16. Bf4 c4 17. d4 Bb5 18. Ne3 a3 19. b3 Na7 20. Ng4 Ba6 21. Qd2 Nb5 22. Ngh2
Nc3 23. Qe3 Kd7 24. h5 Qg8 25. Ng4 Qh7 26. Rec1 cxb3 27. cxb3 Ne2+ 28. Kh2 Nxc1
29. Rxc1 Rhc8 30. Rxc8 Rxc8 31. Ne1 Qb1 32. Bxh6 gxh6 33. Nxh6 Qh7 34. Bf3 Rh8
35. Ng4 Qxh5+ 36. Kg1 Qg5 37. Qxg5 Bxg5 38. Nc2 Bd2 39. Nf6+ Ke7 0-1